Leandro, rei da Helíria (Registo nº 370)
[ vista simples ]
| 000 -Etiqueta do registo | |
|---|---|
| Cabeçalho | 00744cam a2200313 4500 |
| 005 - Identificador da versão | |
| Campo de controlo | 20240813121801.0 |
| 095 ## - | |
| -- | PTBN00587052 |
| 010 ## - Número internacional normalizado dos livros (ISBN) | |
| Número (ISBN) | 972210568X |
| 021 ## - Número do Depósito Legal | |
| Código do país | PT |
| Número | 43322/91 |
| 035 ## - Other System Control Numbers | |
| System Control Number | 0000383 |
| System Control Number | 0000382 |
| System Control Number | 0000382 |
| System Control Number | 0000376 |
| 100 ## - Dados gerais de processamento | |
| Dados gerais de processamento | 19940504d1994 em y0pory5003 ba |
| 102 ## - Pais de publicação ou produção | |
| País de publicação | Portugal |
| 101 0# - Língua de publicação | |
| Língua do texto, banda sonora, etc. | Português |
| 106 ## - Campo de dados codificados: material textual | |
| Dados codificados do material textual | r |
| 105 ## - Campo de dados codificados: livros | |
| Dados codificados dos livros | y z 000by |
| 215 ## - Descrição física | |
| Indicação específica da natureza do documento e extensão da espécie | 112 p. |
| Dimensões | 21 cm |
| 200 1# - Titulo e menção de responsabilidade | |
| Título próprio | Leandro, rei da Helíria |
| Primeira menção de responsabilidade | Alice Vieira |
| 205 ## - Menção da edição | |
| Menção da edição | 2ª ed |
| 210 ## - Publicação, Distribuição, etc. | |
| Lugar da edição, distribuição, etc. | Lisboa |
| Nome do editor, distribuidor, etc. | Caminho |
| Data da publicação, distribuição, etc. | imp. 1994 |
| 675 ## - Classificação Decimal Universal (CDU) | |
| Notação | 821.134.3-31"19" |
| Edição | BN |
| Língua da edição | por |
| 700 ## - Nome de autor-pessoa física (responsabilidade principal) | |
| Número de registo de entrada de autoridade | 0000367 |
| Palavra de ordem | Vieira |
| Outra parte do nome não tomada para palavra de ordem | Alice |
| Datas | 1943- |
| 966 ## - Identificação da Biblioteca | |
| Sigla | NUMETECA |
| 942 ## - Elementos de entrada adicionados (Koha) | |
| Tipo de item no Koha | Livro |
| Situação do levantamento | Origin of item (home branch) (coded) | Biblioteca de empréstimo | Código de barras | Cota | Circulation type (not for loan) | Tipo de documento | Nota do exemplar | Damaged status |
|---|---|---|---|---|---|---|---|---|
| Biblioteca Escolar Eng. Nuno Mergulhão | Biblioteca Escolar Eng. Nuno Mergulhão | BENM806 | 8LP-3 VIE | Livro | Sem mensagem | |||
| Biblioteca Escolar Eng. Nuno Mergulhão | Biblioteca Escolar Eng. Nuno Mergulhão | BENM3275 | 2011 | 8LP-3 VIE | Livro | Sem mensagem |
